000 00983nam a22003017a 4500
001 BR0601052
003 BR-BrBNA
005 20230928102106.0
007 ta
008 230509b bl.||||| |||| 00| 0 por d
040 _aBR-BrBNA
_bpor
_cBiblioteca Nacional de Agricultura
041 _a(Por)
072 _aC10; Q03
090 _ C10 BR0601052
100 1 _aLopes, P.D.
110 1 _aMinistério da Agricultura, Pecuária e Abastecimento, Brasília, DF (Brasil)
110 1 _aUniversidade de Brasília, DF (Brasil)
_910455
245 1 _aPlano nacional de controle de resíduos em produtos de origem animal - PNCR
_bCurso de Formação para os candidatos ao Cargo de Fiscal Federal Agropecuário
260 3 _aBrasília, DF (Brasil):
_c2002.
300 _a53 p.
650 _aCURSO
650 _aEFEITO RESIDUAL
650 _aMEDICAMENTO
650 _aINSPEÇÃO SANITÁRIA
650 _aANÁLISE DE ALIMENTO
909 _a202309
_bLucia
_c55
_dLucia Elande
942 _cBK
999 _c69105
_d69105